[Event "Commonwealth-ch U20"]
[Site "New Delhi"]
[Date "2018.06.28"]
[Round "3"]
[White "Mohammad, Nubairshah Shaikh"]
[Black "Essop, Hishaam"]
[Result "1-0"]
[WhiteElo "2441"]
[BlackElo "1840"]
[PlyCount "101"]
[EventDate "2018.06.26"]
[EventType "swiss"]
[EventRounds "7"]
[EventCountry "IND"]
[SourceTitle "CBM 185 Extra"]
[Source "ChessBase"]
[SourceDate "2018.07.29"]
[SourceVersion "1"]
[SourceVersionDate "2018.07.29"]
[SourceQuality "1"]

1. Nf3 Nf6 2. g3 g6 3. b3 Bg7 4. Bb2 d6 5. d4 0-0 6. Bg2 Nbd7 7. 0-0 e5 8. dxe5 Ng4 9. c4 Ndxe5 10. Nc3 Nc6 11. Qd2 Re8 12. Nd5 f6 13. Rad1 Nge5 14. Ne1 Bg4 15. f3 Be6 16. f4 Nd7 17. Nc2 Nc5 18. e4 Bxd5 19. cxd5 Nb8 20. Rde1 a5 21. Nd4 Nbd7 22. Bc3 Nf8 23. f5 Ncd7 24. fxg6 hxg6 25. Bxa5 Ne5 26. Bh3 b6 27. Bc3 Kh7 28. Bg2 Kg8 29. Bh3 Kh7 30. a4 Qe7 31. Nb5 Kg8 32. Bb4 Qd8 33. Rc1 Re7 34. Rc3 Rb8 35. Qc2 g5 36. Bf5 Nfd7 37. Nxc7 Nc5 38. Ne6 Qe8 39. Qe2 Bh6 40. Kg2 Qf7 41. Rd1 Rbe8 42. a5 bxa5 43. Bxc5 dxc5 44. Nxc5 Kh8 45. d6 Ra7 46. Qb5 Rd8 47. Ne6 Qh5 48. Nxd8 Bf8 49. g4 Nxg4 50. Rh3 Ne3+ 51. Rxe3 1-0

[Event "Commonwealth-ch U20"]
[Site "New Delhi"]
[Date "2018.06.26"]
[Round "1"]
[White "Essop, Hishaam"]
[Black "Karthik, Venkataraman"]
[Result "0-1"]
[WhiteElo "1840"]
[BlackElo "2475"]
[PlyCount "68"]
[EventDate "2018.06.26"]
[EventType "swiss"]
[EventRounds "7"]
[EventCountry "IND"]
[SourceTitle "CBM 185 Extra"]
[Source "ChessBase"]
[SourceDate "2018.07.29"]
[SourceVersion "1"]
[SourceVersionDate "2018.07.29"]
[SourceQuality "1"]

1. e4 c5 2. Nf3 d6 3. Nc3 a6 4. g3 Nc6 5. Bg2 e5 6. d3 g6 7. Bg5 f6 8. Be3 Bg7 9. Qd2 Nge7 10. Bh6 0-0 11. h4 Be6 12. Bxg7 Kxg7 13. h5 g5 14. h6+ Kh8 15. Nd1 d5 16. exd5 Nxd5 17. 0-0 Qe8 18. Nc3 Qh5 19. Nh2 Rad8 20. Na4 c4 21. Nc5 Bc8 22. Bf3 g4 23. Bg2 Nd4 24. c3 Nf3+ 25. Bxf3 gxf3 26. Qd1 b6 27. Ne4 f5 28. Nd2 e4 29. Nhxf3 exf3 30. Nxf3 Nf4 31. Nd4 Qh3 32. Qf3 Rxd4 33. cxd4 Bb7 34. Qxb7 Ne2# 0-1

[Event "RSA-ch U20"]
[Site "Waterkloof"]
[Date "2015.04.06"]
[Round "4"]
[White "Oberholzer, Francois"]
[Black "Essop, Hishaam"]
[Result "1/2-1/2"]
[WhiteElo "1945"]
[BlackElo "1788"]
[PlyCount "78"]
[EventDate "2015.04.04"]
[EventType "swiss"]
[EventRounds "9"]
[EventCountry "RSA"]
[SourceTitle "CBM 166 Extra"]
[Source "ChessBase"]
[SourceDate "2015.06.18"]
[SourceVersion "1"]
[SourceVersionDate "2015.06.18"]
[SourceQuality "1"]

1. e4 e5 2. Nf3 Nc6 3. Bb5 a6 4. Ba4 Nf6 5. d3 b5 6. Bb3 Be7 7. a4 b4 8. a5 0-0 9. 0-0 d6 10. Nbd2 Bg4 11. h3 Bd7 12. Re1 h6 13. Nf1 Re8 14. Ne3 Nd4 15. Nxd4 exd4 16. Nd5 Nxd5 17. Bxd5 c6 18. Bc4 Bf6 19. Bd2 c5 20. f4 Be6 21. Bxe6 Rxe6 22. b3 Re8 23. Qg4 Kh8 24. Rf1 Ra7 25. Qh5 Kh7 26. Kh1 Qd7 27. Qf3 Bd8 28. g4 Qe6 29. Rae1 Qf6 30. Ra1 Rh8 31. Rg1 Kg8 32. Qg3 Qh4 33. Qg2 Qe7 34. Rgf1 Qd7 35. Qg3 Rb7 36. f5 Bg5 37. Bf4 Bxf4 38. Qxf4 f6 39. h4 Qe7 1/2-1/2

[Event "World ol U16"]
[Site "Gyor"]
[Date "2014.12.16"]
[Round "5.1"]
[White "Essop, Hishaam"]
[Black "Gorodetzky, David"]
[Result "0-1"]
[WhiteElo "1748"]
[BlackElo "2164"]
[PlyCount "122"]
[EventDate "2014.12.13"]
[EventType "team-swiss"]
[EventRounds "10"]
[EventCountry "HUN"]
[SourceTitle "EXT 2016"]
[Source "ChessBase"]
[SourceDate "2015.10.08"]
[SourceVersion "1"]
[SourceVersionDate "2015.10.08"]
[SourceQuality "1"]
[WhiteTeam "South Africa"]
[BlackTeam "Rehovot"]
[WhiteTeamCountry "RSA"]
[BlackTeamCountry "ISR"]

1. e4 e6 2. d3 d5 3. Nd2 Nf6 4. Ngf3 Be7 5. g3 b5 6. e5 Nfd7 7. Bg2 c5 8. 0-0 Nc6 9. Re1 0-0 10. Nf1 a5 11. h4 b4 12. N1h2 Re8 13. c4 Nb6 14. Qc2 Ba6 15. b3 a4 16. Bf4 f5 17. Qe2 Qd7 18. h5 Rf8 19. Rad1 Rad8 20. Nf1 h6 21. Be3 Qe8 22. N3h2 Nd4 23. Bxd4 cxd4 24. Bf3 Bg5 25. g4 Bf4 26. Ng3 Bxg3 27. fxg3 f4 28. Qg2 Qe7 29. Rf1 Qg5 30. gxf4 Qxf4 31. Rde1 Qg5 32. Qc2 Qe7 33. Bg2 Qc5 34. Qd2 Rxf1+ 35. Nxf1 dxc4 36. dxc4 d3+ 37. Kh1 Qe7 38. Kg1 Rd4 39. Nh2 Nd7 40. Kh1 Nc5 41. Qd1 Bb7 42. Rg1 Qc7 43. Bxb7 Qxb7+ 44. Qf3 Qxf3+ 45. Nxf3 Rf4 46. Nd2 axb3 47. axb3 Rf2 48. Rg2 Re2 49. Kg1 Rxe5 50. Kf1 Kf7 51. Rf2+ Ke7 52. Rf3 Rg5 53. Rg3 Kd6 54. Kf2 Re5 55. Re3 Rxe3 56. Kxe3 e5 57. Kf3 e4+ 58. Kf2 Ke6 59. Ke3 Ke5 60. Nxe4 Nxe4 61. Kxd3 Nf2+ 0-1

[Event "World ol U16"]
[Site "Gyor"]
[Date "2014.12.13"]
[Round "1.1"]
[White "Morozov, Nichita"]
[Black "Essop, Hishaam"]
[Result "1-0"]
[WhiteElo "2307"]
[BlackElo "1748"]
[PlyCount "93"]
[EventDate "2014.12.13"]
[EventType "team-swiss"]
[EventRounds "10"]
[EventCountry "HUN"]
[SourceTitle "EXT 2016"]
[Source "ChessBase"]
[SourceDate "2015.10.08"]
[SourceVersion "1"]
[SourceVersionDate "2015.10.08"]
[SourceQuality "1"]
[WhiteTeam "Moldova"]
[BlackTeam "South Africa"]
[WhiteTeamCountry "MDA"]
[BlackTeamCountry "RSA"]

1. d4 Nf6 2. c4 g6 3. Nf3 Bg7 4. g3 0-0 5. Bg2 d6 6. 0-0 Nbd7 7. Nc3 e5 8. Qc2 Re8 9. Rd1 Qe7 10. e4 exd4 11. Nxd4 Nc5 12. f3 a5 13. b3 Be6 14. Be3 Nfd7 15. Rab1 h5 16. h3 Na6 17. Qf2 Ndc5 18. a3 a4 19. b4 Bxd4 20. Rxd4 Nb3 21. Nd5 Bxd5 22. Rxd5 Rad8 23. Rbd1 Qe6 24. c5 Nb8 25. Bf4 Nc6 26. cxd6 cxd6 27. Rxd6 Rxd6 28. Rxd6 Qe7 29. Rd5 Rc8 30. Bf1 Qe6 31. h4 Nb8 32. Rd6 Qe8 33. Qb6 Nc6 34. Bh3 Rd8 35. Rxd8 Nxd8 36. Qf6 Kh7 37. Be5 Qf8 38. Bc3 Nc1 39. Bf1 Ne6 40. Bc4 Qg7 41. Qxg7+ Nxg7 42. Bb2 Nb3 43. Bxf7 Nd2 44. Kf2 b5 45. Ke2 Nc4 46. Bxc4 bxc4 47. Bxg7 1-0